10 Największych Miast w Wielkiej Brytanii - Statystyki

Ogólne statystyki
  • Ten quiz został rozwiązany 386 razy
  • Średni wynik to 7 z 10
Statystyki odpowiedzi
Ludność Miasto % Poprawnych
8,8 mln Londyn
100%
550 tys. Manchester
92%
490 tys. Liverpool
91%
620 tys. Glasgow
76%
1,1 mln Birmingham
74%
510 tys. Edynburg
65%
780 tys. Leeds
61%
360 tys. Cardiff
54%
460 tys. Bristol
33%
580 tys. Sheffield
28%
Nie znaleziono quizów pasujących do podanych kryteriów
Rozkład punktacji
Procent ludzi z każdym wynikiem
Percentyl według liczby udzielonych odpowiedzi
Twoja historia wyników
Nie rozwiązałeś tego quizu